000 00409nam a2200157Ia 4500
003 OSt
005 20260303102858.0
008 211028s2003 xx 000 0 und d
040 _cAIMIT LIBRARY
041 _aeng
100 _aRockis, R Dove Light Stella;D Souza, Rio.
_g92161
_92204
110 _aD Souza, Rio.
_92205
245 _aAutomation controller /
260 _aBangalore
_c2003
942 _2ddc
_cPRO
999 _c216818
_d216818